Interní komunikace v době koronakrize

Nároky na internú komunikáciu sa v dobe koronakrízy mnohonásobne zvýšili. Ako sa s touto novou situáciou vysporiadali firmy, ktoré majú tisícky zamestnancov.

Na minha lista:
Detalhes bibliográficos
Autor principal: Vaníčková, Lucie
Formato: Capítulo de Livro
Idioma:tcheco
Assuntos:
Tags: Adicionar Tag
Sem tags, seja o primeiro a adicionar uma tag!

MARC

LEADER 00000naa a2200000 4500
001 0264151
005 20200612131612.3
041 0 |a cze 
044 |a CZ 
245 1 0 |a Interní komunikace v době koronakrize  |c Lucie Vaníčková 
520 |a Nároky na internú komunikáciu sa v dobe koronakrízy mnohonásobne zvýšili. Ako sa s touto novou situáciou vysporiadali firmy, ktoré majú tisícky zamestnancov. 
610 2 0 |a kríza 
610 2 0 |a firmy 
610 2 0 |a komunikácia interná 
610 2 0 |a komunikácia elektronická 
610 2 0 |a podmienky pracovné 
610 2 0 |a podnik výrobný 
610 2 0 |a priemysel automobilový 
100 1 |a Vaníčková, Lucie